[Event "As CC-ch B"]
[Site "As"]
[Date "2020.01.23"]
[Round "2"]
[White "Samset, Jon"]
[Black "Skaret, Runar"]
[Result "1-0"]
[WhiteElo "1382"]
[BlackElo "1265"]
[PlyCount "89"]
[EventDate "2020.01.16"]
[EventType "swiss"]
[EventRounds "6"]
[EventCountry "NOR"]
[SourceTitle "EXT 2024"]
[Source "ChessBase"]
[SourceDate "2023.10.10"]
[SourceVersion "1"]
[SourceVersionDate "2023.10.10"]
[SourceQuality "1"]

1. e4 e6 2. c4 c5 3. d4 cxd4 4. Qxd4 Nc6 5. Qd1 Nf6 6. Nc3 Bb4 7. Bd3 e5 8. Nf3 d6 9. 0-0 Be6 10. a3 Bxc3 11. bxc3 0-0 12. Bg5 Na5 13. Nd2 Rc8 14. Qe2 h6 15. Bh4 g5 16. Bg3 Qc7 17. Qf3 Kg7 18. h4 g4 19. Qe3 Nxc4 20. Nxc4 Bxc4 21. f4 Bxd3 22. Qxd3 Qxc3 23. Qxc3 Rxc3 24. Be1 Rc6 25. fxe5 dxe5 26. Bg3 Re8 27. Rf5 Nxe4 28. Bxe5+ Kg6 29. Raf1 f6 30. h5+ Kf7 31. Kh2 Kg7 32. Bd4 a6 33. R5f4 Rd6 34. Rxg4+ Kf7 35. Be3 Re5 36. Kg1 Nd2 37. Bxd2 Rxd2 38. Rg6 Re6 39. Rxh6 Ra2 40. Rh7+ Kf8 41. Rd1 Re8 42. Rdd7 Re1+ 43. Kh2 Ke8 44. Rxb7 Rxa3 45. Rh8# 1-0

[Event "As Follo CC-chB"]
[Site "As"]
[Date "2019.03.14"]
[Round "8"]
[White "Samset, Jon"]
[Black "Selboe, Oyvind W"]
[Result "0-1"]
[WhiteElo "1410"]
[BlackElo "1493"]
[PlyCount "136"]
[EventDate "2019.01.10"]
[EventType "swiss"]
[EventRounds "9"]
[EventCountry "NOR"]
[SourceTitle "EXT 2024"]
[Source "ChessBase"]
[SourceDate "2023.10.10"]
[SourceVersion "1"]
[SourceVersionDate "2023.10.10"]
[SourceQuality "1"]

1. e4 e6 2. Nf3 d5 3. exd5 exd5 4. d4 Nf6 5. Bd3 h6 6. 0-0 Bd6 7. Be3 0-0 8. Nbd2 Bg4 9. c4 c6 10. c5 Bc7 11. b4 Nbd7 12. Qc2 Rc8 13. Rfe1 Bb8 14. a4 Re8 15. Bf5 Bxf5 16. Qxf5 Ne4 17. Nxe4 Rxe4 18. Ra2 Re6 19. Rae2 Qf6 20. Qxf6 Nxf6 21. b5 Rce8 22. Kf1 Ne4 23. Rc2 f6 24. h3 Ng3+ 25. Kg1 Nf5 26. Rce2 Bf4 27. b6 a6 28. Nd2 Bxe3 29. fxe3 Rxe3 30. Rxe3 Rxe3 31. Rxe3 Nxe3 32. Nb3 Nc4 33. Kf2 Kf7 34. Kf3 g5 35. Kg4 Kg6 36. Kf3 f5 37. g3 h5 38. h4 Kf6 39. Nc1 Nb2 40. Nb3 Nc4 41. Nc1 Na5 42. Nd3 Nb3 43. Ke3 Kg6 44. Ne5+ Kf6 45. Nxc6 g4 46. Nb4 Na5 47. Nxd5+ Ke6 48. Nf4+ Kf7 49. Nxh5 Nc4+ 50. Ke2 Nb2 51. c6 Nxa4 52. c7 Nxb6 53. Nf4 a5 54. d5 Nc8 55. h5 a4 56. Kd2 b5 57. Kc3 a3 58. Kb3 b4 59. Nd3 Kg7 60. Ka2 Kh6 61. Nf4 Nd6 62. Nd3 Kxh5 63. Nxb4 f4 64. gxf4 g3 65. c8Q Nxc8 66. d6 Nxd6 67. Nd5 g2 68. Nf6+ Kg6 0-1

[Event "As Autumn"]
[Site "As"]
[Date "2017.09.21"]
[Round "3"]
[White "Lea, Per"]
[Black "Samset, Jon"]
[Result "1-0"]
[WhiteElo "1470"]
[BlackElo "1103"]
[PlyCount "77"]
[EventDate "2017.08.31"]
[EventType "swiss"]
[EventRounds "9"]
[EventCountry "NOR"]
[SourceTitle "EXT 2024"]
[Source "ChessBase"]
[SourceDate "2023.10.10"]
[SourceVersion "1"]
[SourceVersionDate "2023.10.10"]
[SourceQuality "1"]

1. e4 e5 2. Nf3 Nc6 3. Bb5 f5 4. Nc3 fxe4 5. Nxe4 d5 6. Nxe5 Bd7 7. Qh5+ g6 8. Nxg6 hxg6 9. Qxh8 Qe7 10. Qxg8 Qxe4+ 11. Kf1 0-0-0 12. d3 Qf5 13. Qh7 Nd4 14. Bxd7+ Rxd7 15. Qh3 Qf7 16. c3 Nf5 17. d4 Re7 18. Bd2 Qf6 19. Re1 Rxe1+ 20. Kxe1 Bg7 21. Kd1 b6 22. g4 Nxd4 23. cxd4 Qxd4 24. Re1 Qxf2 25. g5+ Kb7 26. Qd3 Qf7 27. Bc3 Bf8 28. Rf1 Qg8 29. Rf6 Be7 30. Rxg6 Qf7 31. h4 Bc5 32. h5 a6 33. h6 d4 34. h7 dxc3 35. h8Q c2+ 36. Kxc2 Qf2+ 37. Kc3 a5 38. Qd5+ Ka6 39. Qha8+ 1-0

[Event "As CC-ch B"]
[Site "As"]
[Date "2017.01.19"]
[Round "2"]
[White "Sandvik, Sander"]
[Black "Samset, Jon"]
[Result "1-0"]
[WhiteElo "1145"]
[BlackElo "1069"]
[PlyCount "43"]
[EventDate "2017.01.12"]
[EventType "swiss"]
[EventRounds "9"]
[EventCountry "NOR"]
[SourceTitle "EXT 2024"]
[Source "ChessBase"]
[SourceDate "2023.10.10"]
[SourceVersion "1"]
[SourceVersionDate "2023.10.10"]
[SourceQuality "1"]

1. e4 g6 2. d4 d6 3. Nc3 Bg7 4. f4 Nc6 5. Nf3 Bg4 6. Be3 Bxf3 7. Qxf3 Nf6 8. 0-0-0 a5 9. e5 dxe5 10. dxe5 Nd7 11. Bb5 0-0 12. Bxc6 bxc6 13. Qxc6 Nxe5 14. fxe5 Qb8 15. e6 Qb4 16. exf7+ Kxf7 17. Qd5+ e6 18. Rhf1+ Bf6 19. Rxf6+ Kxf6 20. Bd4+ e5 21. Qxe5+ Kf7 22. Rf1+ 1-0

[Event "As Autumn"]
[Site "As"]
[Date "2015.10.08"]
[Round "5"]
[White "Samset, Jon"]
[Black "Kjelstrup, Joachim"]
[Result "1-0"]
[WhiteElo "1113"]
[BlackElo "1062"]
[PlyCount "95"]
[EventDate "2015.09.03"]
[EventType "swiss"]
[EventRounds "9"]
[EventCountry "NOR"]
[SourceTitle "EXT 2024"]
[Source "ChessBase"]
[SourceDate "2023.10.10"]
[SourceVersion "1"]
[SourceVersionDate "2023.10.10"]
[SourceQuality "1"]

1. c4 b6 2. Nf3 Bb7 3. d4 e6 4. Nc3 Bb4 5. a3 Bxc3+ 6. bxc3 f5 7. Bg5 Ne7 8. Ne5 d6 9. Qa4+ Nd7 10. Nf3 0-0 11. g3 h6 12. Bd2 Ng6 13. Bg2 f4 14. Qc2 Qe8 15. g4 Nh4 16. 0-0 Nxg2 17. Kxg2 Qe7 18. h3 Rf6 19. Rab1 Nf8 20. Rb5 Ng6 21. Rh5 Raf8 22. Kh2 Bxf3 23. exf3 Qf7 24. Re1 Ne7 25. d5 exd5 26. cxd5 Nxd5 27. c4 Ne7 28. Qe4 Nf5 29. Rxf5 Rxf5 30. gxf5 Qxf5 31. Qxf5 Rxf5 32. Re4 g5 33. Re7 Rc5 34. Re4 Kf7 35. h4 Re5 36. hxg5 hxg5 37. Kh3 a6 38. Kg4 Kg6 39. Bc3 Rxe4 40. fxe4 b5 41. cxb5 axb5 42. Ba5 c5 43. Bc7 c4 44. Bxd6 c3 45. Bb4 c2 46. Bd2 Kh6 47. e5 Kg6 48. Bc1 1-0

[Event "As Autumn"]
[Site "As"]
[Date "2015.10.01"]
[Round "4"]
[White "Sandvik, Sander"]
[Black "Samset, Jon"]
[Result "1-0"]
[WhiteElo "917"]
[BlackElo "1113"]
[PlyCount "51"]
[EventDate "2015.09.03"]
[EventType "swiss"]
[EventRounds "9"]
[EventCountry "NOR"]
[SourceTitle "EXT 2024"]
[Source "ChessBase"]
[SourceDate "2023.10.10"]
[SourceVersion "1"]
[SourceVersionDate "2023.10.10"]
[SourceQuality "1"]

1. e4 g6 2. d4 Bg7 3. Nc3 d6 4. Be3 a5 5. Be2 a4 6. a3 Bd7 7. Nf3 Nf6 8. e5 Ng4 9. Bf4 Nc6 10. exd6 exd6 11. h3 Nf6 12. Qd2 Qe7 13. 0-0 h5 14. Rfe1 0-0-0 15. Bb5 Qf8 16. Bxa4 Re8 17. d5 Ne7 18. Bxd7+ Kxd7 19. Qd3 Kc8 20. Qc4 b5 21. Nxb5 Nfxd5 22. Nxd6+ Kd7 23. Nxe8 Nxf4 24. Rad1+ Kxe8 25. Qb5+ c6 26. Qxc6# 1-0